Дети и молодежь в войнах и военных конфликтах XX века (Запись № 600365)

Подробности
000 -МАРКЕР
контрольное поле 02279nam0a2200385 4500
001 - ИДЕНТИФИКАТОР ЗАПИСИ
контрольное поле RU\NLR\bibl\1312443
005 - ИДЕНТИФИКАТОР ВЕРСИИ
контрольное поле 20260407193351.0
010 ## - МЕЖДУНАРОДНЫЙ СТАНДАРТНЫЙ НОМЕР КНИГИ (ISBN)
Номер (ISBN) 978-5-86354-007-8
Тираж 250
021 ## - НОМЕР ГОСУДАРСТВЕННОЙ РЕГИСТРАЦИИ
Код страны Российская Федерация
Номер 2008-89475
Номер Листа государственной регистраци 5225
035 ## - ДРУГИЕ СИСТЕМНЫЕ НОМЕРА
Идентификатор записи (NLR Aleph) 001297877
100 ## - ДАННЫЕ ОБЩЕЙ ОБРАБОТКИ
Данные общей обработки 20081225d2008 |||y0rusy50 ca
101 0# - ЯЗЫК РЕСУРСА
Язык текста, звукозаписи и т.д. русский
102 ## - СТРАНА ПУБЛИКАЦИИ ИЛИ ПРОИЗВОДСТВА
Страна публикации Российская Федерация
105 ## - ПОЛЕ КОДИРОВАННЫХ ДАННЫХ: ТЕКСТОВЫЕ МАТЕРИАЛЫ, МОНОГРАФИЧЕСКИЕ
Кодированные данные о монографическом текстовом документе y |||||||||
200 1# - ЗАГЛАВИЕ И СВЕДЕНИЯ ОБ ОТВЕТСТВЕННОСТИ
Основное заглавие Дети и молодежь в войнах и военных конфликтах XX века
Сведения, относящиеся к заглавию материалы Международной научно-практической конференции, Курск, 20-21 августа 2008 г.
-- 65-летию Курской битвы посвящается
Первые сведения об ответственности [под ред. Л. С. Холботиной]
210 ## - ПУБЛИКАЦИЯ, РАСПРОСТРАНЕНИЕ И ДР.
Место издания, распространения и т.д. Курск
Имя издателя, распространителя и т. д. Пресс-Факт
Дата издания, распространения и т.д. 2008
215 ## - ФИЗИЧЕСКАЯ ХАРАКТЕРИСТИКА
Специфическое обозначение материала и объем 240 с.
Размеры 21
300 ## - ОБЩИЕ ПРИМЕЧАНИЯ
Текст примечания В надзаг.: Администрация и Правительство Кур. обл., Ком. по культуре Кур. обл., Ком. по науке и образованию Кур. обл. [и др.]
320 ## - ПРИМЕЧАНИЯ О НАЛИЧИИ В ДОКУМЕНТЕ БИБЛИОГРАФИИ / УКАЗАТЕЛЯ
Текст примечания Библиогр. в примеч. в конце отд. ст.
606 1# - НАИМЕНОВАНИЕ ТЕМЫ КАК ПРЕДМЕТ
Наименование темы Дети
Формальный подзаголовок Съезды, совещания и т.п.
Тематический подзаголовок Участие в войнах
Хронологический подзаголовок 20 в.
Системный номер авторитетной/нормативной записи 2551633
Идентификатор авторитетной/нормативной записи RU\NLR\auth\661509838
606 1# - НАИМЕНОВАНИЕ ТЕМЫ КАК ПРЕДМЕТ
Наименование темы Молодежь
Формальный подзаголовок Съезды, совещания и т.п.
Тематический подзаголовок Участие в войнах
Хронологический подзаголовок 20 в.
Системный номер авторитетной/нормативной записи 2551635
Идентификатор авторитетной/нормативной записи RU\NLR\auth\661509839
606 1# - НАИМЕНОВАНИЕ ТЕМЫ КАК ПРЕДМЕТ
Наименование темы Великая Отечественная война
Формальный подзаголовок Воспоминания, записки и т.п.
-- Съезды, совещания и т.п.
Хронологический подзаголовок 1941 - 1945
Системный номер авторитетной/нормативной записи 903571
Идентификатор авторитетной/нормативной записи RU\NLR\auth\668893
686 ## - ИНДЕКСЫ ДРУГИХ КЛАССИФИКАЦИЙ
Индекс Т3(2)7-299я431
686 ## - ИНДЕКСЫ ДРУГИХ КЛАССИФИКАЦИЙ
Индекс Т3(2)7-283я431
686 ## - ИНДЕКСЫ ДРУГИХ КЛАССИФИКАЦИЙ
Индекс Т3(2)722,013я431
686 ## - ИНДЕКСЫ ДРУГИХ КЛАССИФИКАЦИЙ
Индекс Ц35(2)-424.9я431
702 #1 - ИМЯ ЛИЦА - ВТОРИЧНАЯ ОТВЕТСТВЕННОСТЬ
Начальный элемент ввода Холботина
Часть имени, кроме начального элемента ввода Л. С.
Расширение инициалов личного имени Анастасия Сергеевна
Код отношения Редактор
710 12 - НАИМЕНОВАНИЕ ОРГАНИЗАЦИИ - ПЕРВИЧНАЯ ОТВЕТСТВЕННОСТЬ
Начальный элемент ввода "Дети и молодежь в войнах и военных конфликтах XX века", международная научно-практическая конференция
Место проведения временной организации Курск
Дата проведения временной организации 2008
Системный номер авторитетной/нормативной записи 751551
Идентификатор авторитетной/нормативной записи RU\NLR\AUTH\8810127147
801 #0 - ИСТОЧНИК ЗАПИСИ
Страна Российская Федерация
Организация NLR
Дата составления 20081225
Правила каталогизации RCR
801 #1 - ИСТОЧНИК ЗАПИСИ
Страна Российская Федерация
Организация NLR
Дата составления 20081225
942 ## - ДОПОЛНИТЕЛЬНЫЕ ЭЛЕМЕНТЫ ЗАПИСИ (АБИС)
Тип экземпляра АБИС Книга
980 ## - КОЛЛЕКЦИЯ
Название коллекции Национальная библиография
Экземпляры
Тип экземпляра Дата поступления Источник поступления Библиотека постоянного хранения Библиотека текущего хранения Место хранения Шифр хранения Штрих-код Статус экземпляра
Книга 25.12.2008 Обязательный экземпляр РНБ (Московский) РНБ (Московский) Русский книжный фонд: издания с 1957 года 2009-3/280 1-440291